Wisdom of upnishads / (Record no. 124887)

MARC details
000 -LEADER
fixed length control field 00712nam a22002297a 4500
005 - DATE AND TIME OF LATEST TRANSACTION
control field 20170124105946.0
010 ## - LIBRARY OF CONGRESS CONTROL NUMBER
LC control number A-609516
020 ## - INTERNATIONAL STANDARD BOOK NUMBER
Terms of availability 00.00
International Standard Book Number 8122404863
035 ## - SYSTEM CONTROL NUMBER
System control number A-609516
037 ## - SOURCE OF ACQUISITION
Source of stock number/acquisition Cen Lib/Ret
040 ## - CATALOGING SOURCE
Original cataloging agency DPL
Language of cataloging EN
082 ## - DEWEY DECIMAL CLASSIFICATION NUMBER
Classification number 220.24
Item number SAD
100 ## - MAIN ENTRY--PERSONAL NAME
Personal name Sadani, Jaikishandas
9 (RLIN) 12274
245 ## - TITLE STATEMENT
Title Wisdom of upnishads /
Statement of responsibility, etc by Jaikishan Sadani
260 ## - PUBLICATION, DISTRIBUTION, ETC. (IMPRINT)
Place of publication, distribution, etc New Delhi
Name of publisher, distributor, etc Willey Eastern
Date of publication, distribution, etc 1993
270 ## - ADDRESS
Address 4835/24, Ansari Road, Dariya Ganj
City New Delhi
Postal code 110002
300 ## - PHYSICAL DESCRIPTION
Extent xi, 89p.
Dimensions 20cm(Hb)
500 ## - GENERAL NOTE
General note Includes bibliographical references and glossary
650 ## - SUBJECT ADDED ENTRY--TOPICAL TERM
Topical term or geographic name as entry element Hinduism
9 (RLIN) 84283
650 ## - SUBJECT ADDED ENTRY--TOPICAL TERM
Topical term or geographic name as entry element Upnishad
General subdivision Spirituality
9 (RLIN) 12276
942 ## - ADDED ENTRY ELEMENTS (KOHA)
Source of classification or shelving scheme Dewey Decimal Classification
Koha item type English Books
Classification part 220.24
Call number suffix SAD
Holdings
Withdrawn status Lost status Damaged status Not for loan Home library Current library Date acquired Source of acquisition Cost, normal purchase price Total Checkouts Total Renewals Full call number Barcode Date last seen Date checked out Copy number Cost, replacement price Price effective from Koha item type
        Central Library Central Library 18/06/2015 Cen Lib/Ret 0.00 1 2 220.24 SAD A-609516 01/04/2021 26/02/2021 1 0.00 18/06/2015 English Books

© Delhi Public Library
Hit Counter
free hit counter